A handbook of Greek archaeology / (Record no. 64955)

MARC details
000 -LEADER
campo de control de longitud fija 00776nam a2200217 i 4500
001 - NÚMERO DE CONTROL
campo de control 64955
003 - IDENTIFICADOR DE NÚMERO DE CONTROL
campo de control ES-MaACL
005 - FECHA Y HORA DE LA ÚLTIMA TRANSACCIÓN
campo de control 20250907063046.0
007 - CAMPO FIJO DE DESCRIPCIÓN FÍSICA--INFORMACIÓN GENERAL
campo de control de longitud fija t|
008 - DATOS DE LONGITUD FIJA--INFORMACIÓN GENERAL
campo de control de longitud fija 040107q1919 xxu ||||1| eng d
100 0# - ENTRADA PRINCIPAL--NOMBRE DE PERSONA
Nombre de persona Fowler, Harold North,
Fechas asociadas al nombre 1859-1955
9 (RLIN) 52011
245 12 - MENCIÓN DEL TÍTULO
Título A handbook of Greek archaeology /
Mención de responsabilidad, etc. by Harold North Fowler and James Rignall Wheeler ; with the collaboration of Gorham Phillips Stevens.
260 ## - PUBLICACIÓN, DISTRIBUCIÓN, ETC.
Lugar de publicación, distribución, etc. New York :
Nombre del editor, distribuidor, etc. American Book comp.,
Fecha de publicación, distribución, etc. 1919.
300 ## - DESCRIPCIÓN FÍSICA
Extensión 559 p. ;
Dimensiones 19 cm.
504 ## - NOTA DE BIBLIOGRAFÍA, ETC.
Nota de bibliografía, etc. Bibliografía: p. 542-550.
651 #4 - PUNTO DE ACCESO ADICIONAL DE MATERIA--NOMBRE GEOGRÁFICO
Nombre geográfico Grecia-
Subdivisión general Restos arqueológicos.
9 (RLIN) 157346
700 1# - ENTRADA AGREGADA--NOMBRE PERSONAL
Nombre de persona Wheeler, James Rignall (
Fechas asociadas al nombre 1859-1918)
9 (RLIN) 116619
700 1# - ENTRADA AGREGADA--NOMBRE PERSONAL
Nombre de persona Stevens, Gorham Phillips.
9 (RLIN) 108157
852 ## - LOCALIZACIÓN
Ubicación ES-MaACL
Número de control de estantería F-1609
Holdings
Estatus retirado Estado de pérdida Estado de daño No para préstamo Biblioteca de origen Biblioteca actual Ubicación en estantería Fecha de adquisición Fuente de adquisición Total de préstamos Signatura topográfica completa Código de barras Visto por última vez Precio de reemplazo Tipo de ítem Koha
        Biblioteca del Ateneo de Madrid Biblioteca del Ateneo de Madrid Depósito 2 17/01/2008     F-1609 1068058 23/02/2023 23/02/2023 Libro impreso